000 01537nam a2200493 i 4500
001 46031
003 KOSZ 005
005 20210917120843.0
008 050404s2005 pl |000 0 pol
015 _aUWD 2005/8408
020 _a8386990945
035 _a991026504669705066
035 _a(PL-WaBN)b17202115-48omnis_nlop
035 _ab17202115
035 _a(OCoLC)69311110
035 _a(PL)b0000001720211
035 _a(EXLNZ-48OMNIS_NETWORK)9910048622305606
040 _aWA N
_cWA N
_dKOSZ 005/HR
041 0 _apol
046 _k2005
080 _a347.4/.5:338.46(438)
080 _a338.48
080 _a(07)
100 1 _aZawistowska, Hanna
_d(1950- )
_eAutor
245 1 0 _aNowe zasady świadczenia usług turystycznych /
_cHanna Zawistowska.
260 _aWarszawa :
_bWyższa Szkoła Ekonomiczna,
_c2005.
300 _a94, [1] s. ;
_c24 cm.
336 _aTekst
_btxt
_2rdacontent
337 _aBez urządzenia pośredniczącego
_bn
_2rdamedia
338 _aWolumin
_bnc
_2rdacarrier
380 _aKsiążki
388 _a2001-
504 _aBibliogr. s. 93-[95].
650 7 _aUsługi turystyczne
650 7 _aPrawo turystyczne
650 7 _aTurystyka
651 7 _aPolska
655 7 _aPodręcznik
_2DBN
658 _aGospodarka, ekonomia, finanse
658 _aPrawo i wymiar sprawiedliwości
856 _uhttp://koha.tu.koszalin.pl/cgi-bin/koha/opac-detail.pl?biblionumber=46031
_yKatalog online BPK
942 _2UKD
_cKS
999 _c46031
_d46031